A zsidóság ünnepei és étkezési szokásai

Bibliográfiai részletek
Szerző: Faith Balázs
További közreműködők: Gundel Dr. János
Dokumentumtípus: Diplomadolgozat
Kulcsszavak:zsidó
Kóser
chaszid
Online Access:http://dolgozattar.uni-bge.hu/15983

MARC

LEADER 00000nta a2200000 i 4500
001 dolg15983
005 20180830150831.0
008 180510suuuu hu om 000 hun d
040 |a BGE Dolgozattár Repozitórium  |b hun 
041 |a hu 
100 1 |a Faith Balázs 
245 1 2 |a A zsidóság ünnepei és étkezési szokásai  |c Faith Balázs  |h [elektronikus dokumentum] 
246 1 1 |a A zsidóság ünnepei és étkezési szokásai 
246 1 1 |a Jewish celebrations and eating habits 
520 3 |a A zsidó ünnepek bemutatása és a kóser ünnepi étkezési kultúra ismertetése 
695 |a zsidó 
695 |a Kóser 
695 |a chaszid 
700 1 |a Gundel Dr. János  |e ths 
856 4 0 |u http://dolgozattar.uni-bge.hu/15983/1/Faith%20Bal%C3%A1zs%20szakdolgozat.pdf  |z Dokumentum-elérés